000 00298nam a22001337a 4500
008 170830b xxu||||| |||| 00| 0 eng d
020 _a9780415993098
041 _aeng
080 _a070
100 _a40
101 _aMED
245 _aMEDIA AND MIDDLE CLASS MOMS
_cDESCARTES,L
942 _2udc
_cBK
999 _c25570
_d25570